000
00334 a2200145 4500
001
167052
020
_a
040
_c
Magnum
100
_a
Bondioli, Anna
240
1
0
_a
Manual de educacao infantil: de 0 a 3 anos
_l
por
245
1
0
_a
Manual de educacao infantil: de 0 a 3 anos
362
0
_a
1899
697
_a
ENSINO
942
_c
BK
999
_c
167052
_d
167052